Online Catalogue and eLibrary

Writing that conquers : (Record no. 620)

MARC details
000 -LEADER
fixed length control field 00694cam a2200181 a 4500
001 - CONTROL NUMBER
control field 13968752
005 - DATE AND TIME OF LATEST TRANSACTION
control field 20240327073808.0
008 - FIXED-LENGTH DATA ELEMENTS--GENERAL INFORMATION
fixed length control field 040826s2004 ce a b 001 0 eng
020 ## - INTERNATIONAL STANDARD BOOK NUMBER
ISBN 9559102710
040 ## - CATALOGING SOURCE (பட்டியலாக்க மூலம்)
Original cataloging agency DLC
Transcribing agency DLC
Modifying agency DLC
082 00 - DDC Classification
Class No. 327.954.
DDC Edition Number 22
Item Number - Author Mark WRI.
100 1# - MAIN ENTRY--PERSONAL NAME
Personal name Jayawickrama, Sarojini.
245 10 - TITLE STATEMENT
Title Writing that conquers :
Remainder of title re-reading Knox's an historical relation of the island Ceylon /
Statement of responsibility, etc. Sarojini Jayawickrama.
260 ## - PUBLICATION, DISTRIBUTION, ETC.
Place of publication, distribution, etc. Colombo :
Name of publisher, distributor, etc. Social Scientists' Association,
Date of publication, distribution, etc. 2004.
300 ## - PHYSICAL DESCRIPTION
Extent (e.g. Volumes, Pages etc.) xix, 350 p. :
500 ## - GENERAL NOTE
General note Originally presented as the author's thesis (doctoral--University of Hong Kong) under the title: Knox's an historical relation of the island Ceylon.
942 ## - Koha item type (Biblio)
Koha item type Books in Stacks (Lending)
Holdings
Lost status Damaged status Collection code Home library Current library Date acquired Full call number Accession Number Item type
    Lending WERC Library WERC Library 03/27/2024 327.954. WRI. 6767 Books in Stacks (Lending)

© WERC Library